Bylinková terapia

Saved in:
Bibliographic Details
Main Author Golasovská, Monika
Format Electronic eBook
LanguageCzech
Published Grada SK 2021
Edition1. elektronické vydání
Subjects
Online AccessDostupné v BOOKPORT po přihlášení pomocí eduID
ISBN978-80-8090-199-8
978-80-8090-198-1
Physical Description1 online zdroj (256 stran)

Cover

LEADER 00000nam a2200000 i 4500
001 bkp100076
003 CZ-prgp
005 20240604131426.0
006 m o d
007 cr cn
008 240604s2021 xr o 000 0 cze
020 |a 978-80-8090-199-8  |c 478 Kč  |q (online ; pdf) 
020 |a 978-80-8090-198-1  |c 275 Kč  |q (print) 
040 |a Grada  |b cze  |e rda 
100 1 |a Golasovská, Monika 
245 1 0 |a Bylinková terapia  |c Monika Golasovská 
250 |a 1. elektronické vydání 
264 1 |b Grada SK  |c 2021 
300 |a 1 online zdroj (256 stran) 
336 |a text  |b txt  |2 rdacontent 
337 |a počítač  |b c  |2 rdamedia 
338 |a online zdroj  |b cr  |2 rdacarrier 
520 3 |a V knižke sa dozviete, ako využívať rôzne časti rastlín, kedy a kde bylinky zbierať a ako z nich vytvoriť liečivé elixíry. Nájdete v nej základné recepty na tinktúry, masti, sirupy a odvary, prehľad najbežnejších byliniek a ich účinkov, ale aj zaujímavé príbehy o tom, ako ich starí Slovania využívali pri rôznych magických rituáloch v priebehu celého roka. 
650 0 4 |a Příroda kolem nás 
856 4 0 |u https://www.bookport.cz/AccountSaml/SignIn/?idp=https://shibboleth.utb.cz/idp/shibboleth&returnUrl=/kniha/bylinkova-terapia-12668/  |y Dostupné v BOOKPORT po přihlášení pomocí eduID